000 00827nam a2200229Ia 4500
008 130821s1993 ck gr spa
020 _a9589127401
040 _aCo-BoUCM
_bspa
041 _aspa
100 _aGonzalez, Fernando
_91791
245 _aMi Simón Bolívar
_cFernando González
250 _a5a. ed.
260 _aMedellín (Antioquia, Colombia)
_bUniversidad Pontificia Bolivariana
_c1993
300 _a264 páginas
504 _aIncluye índic
600 _aBolívar, Simón
_d1783-1830
_vAnécdotas, chistes, sátiras, etc.
_9154908
600 _aBolívar, Simón
_d1783-1830
_vBiografías
_938579
600 _aBolívar, Simón
_d1783-1830
_xPolítica
_9154909
600 _aOchoa, Lucas
_vBiografías
_9154910
942 _cLIBRO
_a21
_e5
_mG65
_2DEWEY
_h987.041
999 _c2043
_d2043